• 首页
  • 本馆介绍
  • 公告通知
  • 最新文献
  • 馆藏检索
  • 电子资源
  • 读者导购
  • 参考咨询
  • 我的图书馆
  • 登录
  • 详细信息显示
  • 放入我的书架
  • 预约/预借图书
  • 作者相关作品
  • 分类相关作品
  • 丛书相关作品
  • 出版社相关作品

书目信息

  • 表格格式
  • 工作单格式
  • 卡片格式
题名:
西方经济学新发展
    
 
作者: 李任初 , 居亚东 著
分册:  
出版信息: 南京   南京大学出版社  1989.4
页数: 405页
开本: 20cm
丛书名:
单 册:
中图分类: F091.3
科图分类:
主题词: 经济思想史
电子资源:
ISBN: 7-305-00339-5
000 00584nam0 2200205 45
001 0404220825
005 20040422083451.8
010    @a7-305-00339-5@dCNY2.85
100    @a20040422d1989 km y0chiy0120 ea
101 0  @achi
105    @a z 000yy
200 1  @a西方经济学新发展@AXi Fang Jing Ji Xue Xin Fa Zhan@f李任初,居亚东著@FLi Ren Chu,Ju Ya Dong Zhu
210    @a南京@c南京大学出版社@d1989.4
215    @a405页@d20cm
606 0  @a经济思想史
690    @aF091.3@v3
701  0 @a李任初@4著
701  0 @a居亚东@4著
801    @aCN@bTSTCL@c20040422
905    @f1@b226288@dF091.3@e29
    
    西方经济学新发展/李任初,居亚东著.-南京:南京大学出版社,1989.4
    405页;20cm
    
    
    ISBN 7-305-00339-5:CNY2.85
    
●
相关链接 在E读中查询图书 在五车中查询图书 在当当中查询图书 在豆瓣中查询图书


正题名:西方经济学新发展     索取号:F091.3/29         预约/预借

序号 登录号 条形码 馆藏地/架位号 状态 备注
1 0226288   000193944   第一借阅区/ [索取号:F091.3/29] 在馆    
2 0226289   002060511   第一样本阅览室/ [索取号:F091.3/29] 在馆    
唐山师范学院图书馆 欢迎您!
大连网信软件有限公司© 版权所有